| 000 | 00887pam a2200265 a 4500 | ||
|---|---|---|---|
| 999 |
_c4367 _d4367 |
||
| 003 | ALUPE UNIVERSITY | ||
| 005 | 20220323065712.0 | ||
| 008 | 910614s1991 enka b 001 0 eng c | ||
| 020 | _a075061319X | ||
| 040 | _cALUPE UNIVERSITY | ||
| 050 | 1 | 0 |
_aRJ275 _b.I83 1991 |
| 060 | _aWS 420 I73n | ||
| 100 | 1 |
_aIsaacs, David, _cMD. |
|
| 245 | 1 | 0 |
_aNeonatal infections / _cDavid Isaacs and E. Richard Moxon. |
| 260 |
_aOxford [England] ; _aBoston : _bButterworth-Heinemann, _cc1991. |
||
| 300 |
_axiv, 256 p. : _bill. ; _c25 cm. |
||
| 504 | _aIncludes bibliographical references (p. [231]-249) and index. | ||
| 650 | 0 | _aNeonatal infections. | |
| 650 | 2 | _aInfant, Newborn, Diseases. | |
| 650 | 2 |
_aInfection _xin infancy & childhood. |
|
| 700 | 1 | _aMoxon, E. Richard. | |
| 906 |
_a7 _bcbc _corignew _d1 _eocip _f19 _gy-gencatlg |
||
| 942 |
_2lcc _cBK |
||